000 00458cam a22001457a 4500
008 180718b2012 xxu||||| |||| 00| 0 eng d
020 _a9788178359335
082 _aA99 B223 D26
100 _aDasgupta, Surajit Kumar
245 _aGreen star over West Bengal:study of Mamata Banerjee
_cby Surajit Kumar Dasgupta
260 _aDelhi
_bKalpaz
_c2012
300 _a206p.
650 _aWest Bengal (India) -- Politics and government
650 _aBanerjee, Mamata
999 _c443211
_d443211